Formato MARC21
Registro MARC21
Horas de pasión=001 M000772
=003 BDML
=005 19042026091804
=008 190426||||||||||||||||||||||||||||||||||
=031 ##$a1$b1$c1$gG-2$mCantante$nbB$o3/4$p''4F4.D8F/4E'2B/4B8-GGA/2B8BA/B''C4.D8E/$2pe
=040 ##$aBDML$bspa$cBDML
=092 ##$aBDML$bBDML$cEC$dMs$0M000772
=100 1#$aParedes Herrera, Francisco$d1891 - 1952$jCertificada
=245 10$aHoras de pasión$h[música manuscrita]
=300 ##$a1 folio$c34.1 x 24.1 cm
=340 ##$dManuscrito
=348 ##$aPartitura
=382 ##$aCanto y piano$bpiano
=384 0#$aRe menor
=500 ##$aDatos tomados del encabezado de la música.
=520 ##$aLa obra se encuentra incompleta. -- Al final del folio s encuentra la letra, pero no corresponde a la canción.
=545 0#$aNotable compositor nacido en Cuenca el 8 de noviembre de 1891, hijo del Sr. Francisco Paredes Orellana y de la Sra. Virginia Herrera. Todos sus estudios los realizó en su ciudad natal, y a los diez años de edad, su padre, músico también, lo llevó ante el sacerdote italiano José Basso para que le enseñe composición y armonía. Desde 1920 se radicó definitivamente en Guayaquil, y al poco tiempo se convirtió en un compositor de gran fama, especialmente en lo que respecta a música y ritmos nacionales. Compuso pasodobles, pasacalles, boleros, sanjuanitos, yaravíes, danzantes y sobre todo pasillos de gran belleza, por lo que con justicia ha sido llamado «El Rey del Pasillo Ecuatoriano». Musicalizando los versos de destacados poetas nacionales y extranjeros como Elías Cedeño Jervis, Manuel Coello, Medardo Angel Silva, Julio Flores, Jorge Ismael Gandú, Aurelio Martínez, Libardo Parra, Juan de Dios Peza, etc. legó al pentagrama musical ecuatoriano, entre otros bellísimos pasillos como son: El Alma en los labios, Horas de Pasión, Manabí, Rosario de Besos, El Ultimo Pasillo, Unamos los Corazones, Como si Fuera un Niño y el famoso Tú y Yo, con el que los Hermanos Miño Naranjo alcanzaron el Primer Premio en la Segunda Feria de la Canción Iberoamericana realizada en Barcelona, España, en 1964. Lamentablemente no pudo ver el triunfo de su canción, pues, rodeado del aprecio y la admiración de todo el país, murió el 1 de enero de 1952.$uhttps://acemla.com/composers/francisco-paredes-herrera/
=650 04$aPasillos$ySiglo XX$zEcuador, Loja
=773 1#$aParedes Herrera, Francisco (1891 - 1952)$tHoras de pasión$wM000607
=852 ##$aMuseo de la Música Salvador Zaragocín Tapia$hAnexo 18 (a)